MARC

LEADER 00000nam0a2200000 4500
001 281994
005 20231101235445.0
035 |a (RuTPU)RU\TPU\book\305864 
090 |a 281994 
100 |a 20150128d1984 k y0rusy5003 ca 
101 0 |a rus 
102 |a UA 
105 |a a z 001zy 
200 1 |a Архитектура жилых зданий  |e сборник научных трудов  |f Киевский зональный научно-исследовательский и проектный институт типового и экспериментального проектирования жилых и общественных зданий (КиевЗНИИЭП) 
210 |a Киев  |c [Б. и.]  |d 1984 
215 |a 99 с.  |c ил.  |d 20 см 
320 |a Библиография в конце статей 
606 1 |a Жилые здания  |x Архитектура  |2 stltpush  |3 (RuTPU)RU\TPU\subj\11006  |9 37993 
610 1 |a конструктивные системы 
610 1 |a Украина 
610 1 |a типовые проекты 
610 1 |a экспериментальные жилые комплексы 
610 1 |a шумозащита 
610 1 |a градостроительная маневренность 
610 1 |a квартиры 
610 1 |a трансформация 
610 1 |a инсоляция 
610 1 |a фасады 
610 1 |a теплоснабжение 
610 1 |a гелиосистемы 
610 1 |a просадочные грунты 
610 1 |a горные выработки 
610 1 |a деформационные швы 
610 1 |a экраны 
675 |a 728.1  |z rus  |v 4 
712 0 2 |a Киевский зональный научно-исследовательский и проектный институт типового и экспериментального проектирования жилых и общественных зданий (КиевЗНИИЭП)  |2 stltpush  |3 (RuTPU)RU\TPU\col\19532 
801 0 |a RU  |b RuMRKP  |c 19950704  |g psbo 
801 1 |a RU  |b 63413507  |c 20150128 
801 2 |a RU  |b 63413507  |c 20170707  |g RCR 
942 |c BK